000 01243nam0a2200301 4500
001 RU\NLR\bibl\510308
005 20250609142456.0
010 _a5-7691-1473-8
_9500
021 _aRU
_b2004-11123
_9573
035 _a(NLR Aleph) 000502812
090 _a1184243
_c1184243
100 _a20040412d2003 |||y0rusy50 ca
101 0 _arus
102 _aRU
105 _ay |||||||||
200 1 _aМетаязык политической науки
_fВ.С. Мартьянов
_gРос. акад. наук. Ур. отд-ние, Ин-т философии и права
210 _aЕкатеринбург
_cИн-т философии и права
_d2003
215 _a236 с.
_d20
225 1 _aСерия "Феноменология политического пространства"
_fНауч. ред.: В.Н. Руденко, К.В. Киселев
320 _aБиблиогр. в подстроч. прим.
606 0 _aПолитология
_xМетодология
_91715867
_3RU\NLR\auth\661062592
686 _aФ.в
700 1 _aМартьянов
_bВ. С.
_gВиктор Сергеевич
_4070
801 0 _aRU
_bNLR
_c20040412
_gPSBO
801 1 _aRU
_bNLR
_c20040412
830 _aАвт. по кн.
942 _cBOOK
980 _aNB